Los pantalones del osito / (Record no. 27282)

MARC details
000 -LEADER
fixed length control field 01141cam a2200337Ia 4500
001 - CONTROL NUMBER
control field 40837155
003 - CONTROL NUMBER IDENTIFIER
control field OCoLC
005 - DATE AND TIME OF LATEST TRANSACTION
control field 20220728194957.0
008 - FIXED-LENGTH DATA ELEMENTS--GENERAL INFORMATION
fixed length control field 990222s1998 sp a j 000 1 spa d
020 ## - INTERNATIONAL STANDARD BOOK NUMBER
International Standard Book Number 8489675562
020 ## - INTERNATIONAL STANDARD BOOK NUMBER
International Standard Book Number 9788489675568
040 ## - CATALOGING SOURCE
Original cataloging agency LPU
Transcribing agency LPU
Modifying agency DPL
-- TXA
-- CoBoFLC
041 1# - LANGUAGE CODE
Language code of text/sound track or separate title spa
Language code of original eng
090 ## - LOCALLY ASSIGNED LC-TYPE CALL NUMBER (OCLC); LOCAL CALL NUMBER (OCLC)
Classification number (OCLC) (R) ; Classification number, CALL (RLIN) (NR) PZ73
Local cutter number (OCLC) ; Book number/undivided call number, CALL (RLIN) H577 1998
092 ## - LOCALLY ASSIGNED DEWEY CALL NUMBER (OCLC)
Classification number His
100 1# - MAIN ENTRY--PERSONAL NAME
Personal name Hissey, Jane.
240 00 - UNIFORM TITLE
Uniform title <a href="Little Bear's trousers.">Little Bear's trousers.</a>
Language of a work Spanish.
245 14 - TITLE STATEMENT
Title Los pantalones del osito /
Statement of responsibility, etc. Jane Hissey ; [traduccion, Pilar Garriga].
250 ## - EDITION STATEMENT
Edition statement 1st edition.
260 ## - PUBLICATION, DISTRIBUTION, ETC. (IMPRINT)
Place of publication, distribution, etc. Barcelona :
Name of publisher, distributor, etc. Editorial Zendrera Zariquiey,
Date of publication, distribution, etc. 1998.
264 #1 - PRODUCTION, PUBLICATION, DISTRIBUTION, MANUFACTURE, AND COPYRIGHT NOTICE
Place of production, publication, distribution, manufacture Barcelona :
Name of producer, publisher, distributor, manufacturer Editorial Zendrera Zariquiey,
Date of production, publication, distribution, manufacture, or copyright notice 1998.
300 ## - PHYSICAL DESCRIPTION
Extent 1 v. (unpaged) :
Other physical details col. ill. ;
Dimensions 26 cm.
336 ## - CONTENT TYPE
Content type term text
Content type code txt
Source rdacontent.
337 ## - MEDIA TYPE
Media type term unmediated
Media type code n
Source rdamedia.
338 ## - CARRIER TYPE
Carrier type term volume
Carrier type code nc
Source rdacarrier.
520 ## - SUMMARY, ETC.
Summary, etc. While looking for his missing trousers, Osito discovers that the other toys have found many different uses for them.
650 #0 - SUBJECT ADDED ENTRY--TOPICAL TERM
Topical term or geographic name as entry element Teddy bears
Form subdivision Juvenile fiction.
650 #0 - SUBJECT ADDED ENTRY--TOPICAL TERM
Topical term or geographic name as entry element Pants
Form subdivision Juvenile fiction.
650 #0 - SUBJECT ADDED ENTRY--TOPICAL TERM
Topical term or geographic name as entry element Toys
Form subdivision Juvenile fiction.
942 ## - ADDED ENTRY ELEMENTS (KOHA)
Koha item type Libro/Book
Source of classification or shelving scheme Dewey Decimal Classification
Holdings
Withdrawn status Lost status Damaged status Not for loan Home library Current library Shelving location Date acquired Total Checkouts Full call number Barcode Date last seen Price effective from Koha item type Total Renewals Date checked out
      In Process San Juan Del Sur -- Biblioteca San Juan Del Sur -- Biblioteca Children's Area 28/07/2022   JI 30028683 28/07/2022 28/07/2022 Libro/Book    
      In Process San Juan Del Sur -- Biblioteca San Juan Del Sur -- Biblioteca Children's Area 28/07/2022   JC 30028750 22/05/2025 28/07/2022 Libro/Book    
        San Juan Del Sur -- Biblioteca San Juan Del Sur -- Mobile Children's Area 28/07/2022 5 JC 30028753 06/11/2024 28/07/2022 Libro/Book 2 02/10/2024

Powered by Koha